Przydomki piłkarzy - Statystyki

Ogólne statystyki
  • Ten quiz został rozwiązany 558 razy
  • Średni wynik to 9 z 15
Statystyki odpowiedzi
Przydomek Piłkarz % Poprawnych
CR7 Cristiano Ronaldo
95%
Lewy Robert Lewandowski
94%
Błaszczu Jakub Błaszczykowski
90%
Piszczu Łukasz Piszczek
86%
Egyptian King Mohamed Salah
84%
Zizou Zinedine Zidane
81%
El Fenomeno Ronaldo
80%
Kun Sergio Aguero
69%
Poldi Lukas Podolski
64%
Latający Holender Robin Van Persie
59%
Chicharito Javier Hernandez
58%
El Nino Fernando Torres
47%
El Pipita Gonzalo Higuain
17%
Shrek Rooney
12%
Holy Goalie Artur Boruc
7%
Nie znaleziono quizów pasujących do podanych kryteriów
Rozkład punktacji
Procent ludzi z każdym wynikiem
Percentyl według liczby udzielonych odpowiedzi
Twoja historia wyników
Nie rozwiązałeś tego quizu